| 000 | 00611nam a22002177a 4500 | ||
|---|---|---|---|
| 003 | UA-OsUOA | ||
| 001 | 67334 | ||
| 007 | ta | ||
| 008 | 20100222b un ||||| |||| 00| 0 ukr d | ||
| 100 | _aЯсь О. | ||
| 090 |
_a82 _bЯ86 |
||
| 942 | _cSA | ||
| 040 |
_aUA-OsUOA _bukr _cUA-OsUOA _dUA-OsUOA |
||
| 245 | _aНадати історії привабливості роману...Творче кредо Миколи Костомарова | ||
| 300 | _aС.8 | ||
| 955 | _a0 | ||
| 041 | _aukr | ||
| 080 | _a82 | ||
| 773 | 0 | _w67332 | |
| 650 | 7 |
_a82 Література. Літературознавство _2UDC |
|
| 999 |
_c353399 _d353399 |
||